Estadísticas para Países cercanos a Italia

Haz click aquí para intentar la prueba.

Estadísticas generales

  • Esta prueba ha sido intentada 4.656 veces
  • La puntuación promedio es 17 de 20

Estadísticas de respuestas

KmPaísMillas% Correcto
0Francia0
99%
0Ciudad del Vaticano0
96%
0Suiza0
95%
0San Marino0
94%
0Austria0
93%
45Alemania28
92%
13Croacia8
92%
78Grecia49
91%
0Eslovenia0
90%
81Malta50
89%
8Mónaco5
87%
153Bosnia y Herzegovina95
84%
73Albania45
83%
174Montenegro108
82%
188Hungría117
77%
68Liechtenstein43
76%
71Túnez44
74%
218República Checa135
73%
214Argelia133
70%
204Macedonia del Norte127
69%

Distribución de puntuación

Porcentaje por número respondido

Porcentaje de gente con cada puntuación

Historial de tus puntuaciones

No has intentado esta prueba.